000
00228nam a2200097Ia 4500
008
170619s9999 xx 000 0 und d
100
_a
Doeblin- Ernest O.
245
0
_a
Measurement Systems
260
_b
New delhi; T M H
260
_c
2004
546
_a
ENGLISH
999
_c
17606
_d
17606